| 000 | 00572nam a2200217 a 4500 | ||
|---|---|---|---|
| 005 | 20210219153249.0 | ||
| 008 | 991125n 000 0 spa u | ||
| 035 | _aUPN01000087127 | ||
| 110 | 2 | _aUniversidad Pedagógica Nacional (México) | |
| 222 | 0 | _aBOLETIN UPN UNIDAD AJUSCO | |
| 245 | 0 | 0 | _aMás boletines informativos |
| 260 | _aMéxico | ||
| 300 | _a8 | ||
| 362 | 0 | _a1980 Vol. 1, No. 24, ago. | |
| 653 | 0 | _aPUBLICACIONES EDUCATIVAS | |
| 653 | 0 | _aPUBLICACIONES PERIODICAS | |
| 653 | 0 | _aSEAD | |
| 653 | 0 | _aUPN | |
| 904 |
_aAC _b024938 |
||
| 905 | _aArticulo | ||
| 999 |
_c72471 _d72471 |
||